000 00363nam a22001577a 4500
999 _c6465
_d6463
005 20210831152741.0
008 200524b xxu||||| |||| 00| 0 eng d
041 _aeng
082 _a340
100 _aBARE ACT
_95744
245 _aTHE INDIAN SUCCESSION ACT,1925
260 _aDELHI
_bPROFESSIONALS BOOK
300 _a107p,
650 _aLAW
_95701
942 _cBK